El mundo romano / (Record no. 75292)

MARC details
000 -LEADER
campo de control de longitud fija 00728nam a2200217 i 4500
001 - NÚMERO DE CONTROL
campo de control 75292
003 - IDENTIFICADOR DE NÚMERO DE CONTROL
campo de control ES-MaACL
005 - FECHA Y HORA DE LA ÚLTIMA TRANSACCIÓN
campo de control 20230906172410.0
007 - CAMPO FIJO DE DESCRIPCIÓN FÍSICA--INFORMACIÓN GENERAL
campo de control de longitud fija t|
008 - DATOS DE LONGITUD FIJA--INFORMACIÓN GENERAL
campo de control de longitud fija 040923s1960 sp ||||1| spa d
100 1# - ENTRADA PRINCIPAL--NOMBRE DE PERSONA
Nombre de persona Grant, Michael.
9 (RLIN) 59661
245 13 - MENCIÓN DEL TÍTULO
Título El mundo romano /
Mención de responsabilidad, etc. Michael Grant ; [lo tradujo al español Luis Gil].
260 ## - PUBLICACIÓN, DISTRIBUCIÓN, ETC.
Lugar de publicación, distribución, etc. Madrid :
Nombre del editor, distribuidor, etc. Guadarrama,
Fecha de publicación, distribución, etc. [1960]
300 ## - DESCRIPCIÓN FÍSICA
Extensión 352, 39 lám. col. y n. :
Otras características físicas il., 6 mapas col. ;
Dimensiones 32 cm.
490 1# - MENCIÓN DE SERIE
Mención de serie Historia de la cultura Guadarrama
651 #4 - PUNTO DE ACCESO ADICIONAL DE MATERIA--NOMBRE GEOGRÁFICO
Nombre geográfico Roma-
Subdivisión general Historia-
Subdivisión cronológica 30 a.C.-284 d.C., Alto Imperio.
9 (RLIN) 9318
700 1# - ENTRADA AGREGADA--NOMBRE PERSONAL
Nombre de persona Gil Fernández, Luis.
9 (RLIN) 56817
830 1# - PUNTO DE ACCESO ADICIONAL DE SERIE-TÍTULO UNIFORME
Título uniforme Historia de la cultura Guadarrama
9 (RLIN) 183491
852 ## - LOCALIZACIÓN
Ubicación ES-MaACL
Número de control de estantería C-19626
Holdings
Estatus retirado Estado de pérdida Estado de daño No para préstamo Biblioteca de origen Biblioteca actual Ubicación en estantería Fecha de adquisición Fuente de adquisición Total de préstamos Signatura topográfica completa Código de barras Visto por última vez Precio de reemplazo Tipo de ítem Koha
        Biblioteca del Ateneo de Madrid Biblioteca del Ateneo de Madrid Galería 17/01/2008     C-19626 1078807 23/02/2023 23/02/2023 Libro impreso